| 000 | 00611nam a22001817a 4500 | ||
|---|---|---|---|
| 999 |
_c62646 _d62646 |
||
| 003 | Ge_BSU | ||
| 005 | 20241230104457.0 | ||
| 008 | 241230s1992 ge ||||| |||| 00| 0 geo d | ||
| 041 | _ageo | ||
| 080 | _a613.952 მ-74 | ||
| 100 |
_aმიქაძე, სალომე _924040 |
||
| 245 |
_aახალშობილი = Neonatus / _c სალომე მიქაძე. |
||
| 264 |
_aთბილისი, _c1992. |
||
| 300 |
_a118 გვ. ; _b20 სმ. |
||
| 653 | _aახალშობილთა ჰიგიენა | ||
| 653 | _aმედიცინა | ||
| 942 |
_2udc _cᲬᲘᲒᲜᲘ |
||